| 000 | 00884cam a2200289 a 4500 | ||
|---|---|---|---|
| 999 |
_c5965 _d5965 |
||
| 001 | 5965 | ||
| 003 | BD-JhCC | ||
| 005 | 20171231133014.0 | ||
| 008 | 030508s2003 ii a b 000 0 eng | ||
| 020 | _a9848130551 | ||
| 035 | _a(DLC) 2003307927 | ||
| 040 |
_aDLC _cDLC _dDLC |
||
| 041 | _aeng | ||
| 050 | 0 | 0 |
_aP92.B36 _bC38 2003 |
| 082 |
_a302.230954 _bCAU 2003 |
||
| 100 | 1 | _aCaudhurī, Āphasāna. | |
| 245 | 1 | 0 |
_aMedia in times of crisis : _bnational and international issues / _cAfsan Chowdhury. |
| 260 |
_aDhaka : _bShraban Prokashoni, _c2003. |
||
| 300 |
_a208 p. : _bill. ; _c22 cm. |
||
| 504 | _aIncludes bibliographical references. | ||
| 520 | _aWith reference to press and censorship of Bangladesh. | ||
| 650 | 0 |
_aMass media _zBangladesh. |
|
| 650 | 0 |
_aPress _zBangladesh. |
|
| 650 | 0 |
_aCommunication _xSocial aspects _zBangladesh. |
|
| 942 |
_2ddc _cBK |
||